Šostakovičov spev o Revolúcii Hodnotíme abonentný koncert Slovenskej filharmónie

Bibliographic Details
Main Author: Berger, Igor, 1942-2021 (Author)
Format: Article
Language:Slovak
Subjects:

MARC

LEADER 00000nab a2200000 a 4500
001 vtls000298537
003 SK-MaSNL
005 20260527034333.0
008 111201c1987 xo 0 slo
015 |a SNBRB19rr/mm-uuuuu 
035 |a CL0308656 
040 |a SNKBUCL  |b slo  |c SNKBUCL  |e AACR2 
041 0 |a slo 
044 |a xo  |c SK 
080 |a 78.071.2:784.1  |2 1981 
080 |a 784.1  |2 1981 
100 1 |a Berger, Igor,  |d 1942-2021  |4 aut  |9 145460 
245 1 0 |a Šostakovičov spev o Revolúcii  |b Hodnotíme abonentný koncert Slovenskej filharmónie  |c Igor Berger 
610 2 7 |a Slovenská filharmónia  |2 snkbucl  |9 145774 
655 7 |a články z novín a časopisov  |2 snkbucl  |9 267496 
773 0 |t Ľud  |g Roč. 40, č. 266 (12. 11. 1987), s. 5 
850 |a Slovenská národná knižnica v Martine  |a MTA001 
852 |a SNK  |b KIS3GCP 
958 |a RK 
992 |a RBX 
999 |c 2157795  |d 2159725